|
|
|
|
| LEADER |
01097nam a22002417a 4500 |
| 001 |
AAL4306 |
| 003 |
BD-DhAAL |
| 005 |
20160315111723.0 |
| 008 |
160315m20001975bg ||||| b||| 00| 0 ben d |
| 020 |
|
|
|a 9844540240
|
| 040 |
|
|
|a BD-DhAAL
|c BD-DhAAL
|
| 082 |
|
|
|a 809.13
|
| 245 |
|
|
|a এ্যারিস্টটলের কাব্যতত্ত্ব /
|c সিরাজুল ইসলাম চৌধুরী অনূদিত ও সম্পাদিত
|
| 260 |
|
|
|a ঢাকা :
|b শিখা প্রকাশনী,
|c ২০০০
|
| 300 |
|
|
|a ৯৫ পৃ. ;
|c ২২ সে.মি.
|
| 504 |
|
|
|6 Includes bibliography
|
| 541 |
|
|
|e 4306
|
| 650 |
|
|
|a গ্রীক কবিতা - সমালোচক ও ব্যাখ্যা
|9 18528
|
| 700 |
|
|
|a চৌধুরী, সিরাজুল ইসলাম
|9 18529
|
| 852 |
|
|
|a Savar Campus Library
|c General Shelf
|
| 942 |
|
|
|2 ddc
|c BK
|
| 999 |
|
|
|c 37121
|d 37121
|
| 952 |
|
|
|0 0
|1 0
|2 ddc
|4 0
|6 809_130000000000000_ARI
|7 0
|9 58384
|a SCL
|b SCL
|c GEN
|d 2016-03-15
|g 70.00
|l 1
|o 809.13 ARI
|p 3020004306
|r 2022-10-12
|s 2022-10-11
|t 1
|w 2016-03-15
|y BK
|